El retorno / (Record no. 128352)

MARC details
000 -LEADER
campo de control de longitud fija 00829nam a2200229 i 4500
001 - NÚMERO DE CONTROL
campo de control 128352
003 - IDENTIFICADOR DE NÚMERO DE CONTROL
campo de control ES-MaACL
005 - FECHA Y HORA DE LA ÚLTIMA TRANSACCIÓN
campo de control 20230906193239.0
007 - CAMPO FIJO DE DESCRIPCIÓN FÍSICA--INFORMACIÓN GENERAL
campo de control de longitud fija t|
008 - DATOS DE LONGITUD FIJA--INFORMACIÓN GENERAL
campo de control de longitud fija 070625s1970 sp ||||1| spa d
080 ## - NÚMERO DE LA CLASIFICACIÓN DECIMAL UNIVERSAL
Número de la Clasificación Decimal Universal 86-32"19"(082.2)
111 2# - ENTRADA PRINCIPAL--NOMBRE DE CONGRESO/REUNIÓN
Nombre de congreso/reunión o jurisdicción como elemento de entrada Certamen Literario de la Hora XXV (
Número del congreso/reunión o número de parte o sección 12.
Fecha del congreso o de la firma del tratado 1969.
Sede del congreso/Lugar de la reunión Barcelona)
9 (RLIN) 61
245 13 - MENCIÓN DEL TÍTULO
Título El retorno /
Mención de responsabilidad, etc. [Dr. Carlos Martinez Bueno...] Selección de novelas premiadas en el XII Certamen Literario de "La Hora XXV".
260 ## - PUBLICACIÓN, DISTRIBUCIÓN, ETC.
Lugar de publicación, distribución, etc. [Barcelona] :
Nombre del editor, distribuidor, etc. Lye,
Fecha de publicación, distribución, etc. 1970.
300 ## - DESCRIPCIÓN FÍSICA
Extensión 211 p. ;
Dimensiones 19 cm.
490 1# - MENCIÓN DE SERIE
Mención de serie Premios Literarios de la Hora XXV ;
Designación de volumen o secuencia 12
650 #4 - PUNTO DE ACCESO ADICIONAL DE MATERIA--TÉRMINO DE MATERIA
Término de materia o nombre geográfico como elemento de entrada Novelas cortas españolas-
Subdivisión cronológica S.XX.
9 (RLIN) 15633
700 1# - ENTRADA AGREGADA--NOMBRE PERSONAL
Nombre de persona Martínez Bueno, Carlos.
9 (RLIN) 77899
830 0# - PUNTO DE ACCESO ADICIONAL DE SERIE-TÍTULO UNIFORME
Título uniforme Premios Literarios de la Hora XXV ;
Designación de volumen o secuencia 12
9 (RLIN) 219278
852 ## - LOCALIZACIÓN
Ubicación ES-MaACL
Número de control de estantería C-39754
Sublocalización o colección R.73520
Holdings
Estatus retirado Estado de pérdida Estado de daño No para préstamo Biblioteca de origen Biblioteca actual Ubicación en estantería Fecha de adquisición Fuente de adquisición Total de préstamos Signatura topográfica completa Código de barras Visto por última vez Precio de reemplazo Tipo de ítem Koha
        Biblioteca del Ateneo de Madrid Biblioteca del Ateneo de Madrid Depósito 2 17/01/2008     C-39754 1133680 23/02/2023 23/02/2023 Libro impreso